000 00471nam a2200181Ia 4500
001 20595
005 20260306172817.0
008 260306t2011||||xx |||||||||||||| ||spa||
041 _aESP
082 _a343.4
_bT62
100 _aTito Puca, Yolanda Soledad
_eAUT
245 0 _aGuía para reconocer un verdadero criterio vinculante del Tribunal Constitucional
260 _c2011
300 _a198 P.
_c
650 _aGEN
654 _aCDE
942 _cLIB
_dJUS
_fJUS
_2ddc
_n
999 _c20595
_d20595